Les pays vainqueurs du concours Miss Monde - Statistiques

Statistiques générales
  • Ce quiz a été pris 27 fois
    11 depuis la dernière actualisation
  • Le résultat moyen est 21 sur 71
Statistiques - réponses
Année Miss Monde Pays % Correct
2019 Toni-Ann Singh Jamaïque
100%
2012 Yu Menxia Chine
89%
2018 Vanessa Ponce Mexique
78%
2021 Karolina Bielawka Pologne
78%
2023 Krystyna Pyszková Tchéquie
78%
2007 Zhang Zilin Chine
67%
1953 Denise Perier France
67%
2000 Priyanja Chopra Inde
67%
2017 Manushi Chhillar Inde
67%
2014 Rolene Strauss Afrique-du-Sud
56%
1994 Aishwarya Rai Inde
56%
2013 Megan Young Philippines
56%
2016 Stephanie Del Valle Porto-Rico {Etats-Unis}
56%
2015 Mireia Lalaguna Espagne
44%
1975 Wilnelia Merced Porto Rico {Etats-Unis}
44%
2008 Ksenia Soukhinova Russie
44%
1954 Antigone Costanda Egypte
33%
1996 Irini Skliva Grèce
33%
1999 Yukta Mookhey Inde
33%
1998 Linor Abargil Israël
33%
2001 Agbani Darego Nigeria
33%
2004 Maria Julia Mantilla Pérou
33%
1995 Jacqueline Aguilera Venezuela
33%
2011 Ivian Sarcos Venezuela
33%
1960 Norma Cappagli Argentine
22%
1978 Silvana Suarez Argentine
22%
1972 Belinda Green Australie
22%
1969 Eva Rueber-Staier Autriche
22%
1987 Ulla Weigerstorfer Autriche
22%
1979 Gina Swainson Bermudes {Royaume-Uni}
22%
1971 Lucia Petterle Brésil
22%
1990 Gina Tolleson Etats-Unis
22%
2010 Alexandria Mills Etats-Unis
22%
2009 Kaiane Aldorino Gibraltar {Royaume-Uni}
22%
1966 Reita Faria Inde
22%
1997 Diana Hayden Inde
22%
2003 Rosanna Davison Irlande
22%
1985 Hollmfriour Karlsdottir Islande
22%
1988 Linda Petersdottir Islande
22%
2005 Unnur Birna Vilhjalmsdottir Islande
22%
1976 Cindy Breakspeare Jamaïque
22%
1993 Lisa Hanna Jamaïque
22%
1967 Madeline Hartog-Bel Pérou
22%
1989 Aneta Kreglicka Pologne
22%
1982 Mariasela Alverez Lebron République Dominicaine
22%
1961 Rosemarie Frankland Royaume-Uni
22%
1963 Carole Crawford Royaume-Uni
22%
1964 Ann Sidney Royaume-Uni
22%
1983 Sarah-Jane Hutt Royaume-Uni
22%
1992 Julia Kourotchkina Russie
22%
2006 Tatana Kucharova Tchéquie
22%
1986 Giselle Laronde Trinité-et-Tobago
22%
2002 Azra Akin Turquie
22%
1955 Susana Duijm Venezuela
22%
1981 Pilin Leon Venezuela
22%
1956 Petra Schumann Allemagne
11%
1951 Stella Marquez Colombie
11%
1957 Marita Lindahl Finlande
11%
1959 Corine Rottschafer Pays-Bas
11%
1965 Lesley Langley Royaume-Uni
11%
1952 May Louise Flodin Suède
11%
1977 Mary Stavin Suède
11%
1984 Astrid Carolina Herrera Venezuela
11%
1991 Ninibeth Leaj Venezuela
11%
1958 Penelope Coelen Afrique-du-Sud
0%
1974 Anneline Kriel Afrique-du-Sud
0%
1968 Penelope Plummer Australie
0%
1970 Jennifer Hosten Grenadines
0%
1973 Patsy Yuen Jamaïque
0%
1980 Kimberley Santos Micronésie
0%
1962 Catharina Lodders Pays-Bas
0%
Aucun quiz correspondant
Distribution des résultats
% des personnes avec chaque résultat
Percentile par nombre de réponses
Votre historique - résultats
Vous n’avez pas pris ce quiz depuis la dernière actualisation